000 00999nam a2200229 i 4500
001 184708
003 ES-MaACL
005 20250902131140.0
008 151116s1922 sp |||| | spa d
245 0 0 _aCorrespondencia de Presidentes y Oidores
_b: Audiencia de Lima.Documentos del Archivo de Indias /
_cpublicación dirigida por D. Roberto Levillier.
260 _aBuenos Aires :
_bMunicipalidad,
_c1922.
300 _a1 v. ;
_c24 cm.
490 1 _aColección de Publicaciones Históricas de la Biblioteca del Congreso Argentino
505 8 _aTomo I.: 1549-1564 / prólogo de J. de la Riva-Aguero
610 2 4 _aArchivo General de Indias-
_xCatálogos.
_91431
651 4 _aPerú-
_xHistoria-
_y1548-1820, Epoca colonial.
_99225
700 1 _aLevillier, Roberto,
_d1886-1969
_971965
700 0 _aRiva-Agüero, José de la.
_997531
830 0 _aColección de Publicaciones Históricas de la Biblioteca del Congreso Argentino
_9192228
852 _aES-MaACL
_jC-7178
999 _c184708
_d184708